Statistics for Sharks by Picture

Click here to take the quiz!

General Stats

  • This quiz has been taken 98 times
  • The average score is 5 of 8

Answer Stats

Answer% Correct
Great White Shark
100%
Hammerhead Shark
96%
Whale Shark
94%
Nurse Shark
70%
White-tip Reef Shark
66%
Bull Shark
52%
Black-tip Reef Shark
46%
Greenland Shark
10%

Score Distribution

Percentile by Number Answered

Percent of People with Each Score

Your Score History

You have not taken this quiz